| 000 | 01008cab a22002175a 4500 | ||
|---|---|---|---|
| 001 | L152611 | ||
| 008 | 110404e20110401xxkdo f s 000 0 eng d | ||
| 035 | _a(Sirsi) u152611 | ||
| 041 | 0 | _aeng | |
| 100 | 1 | _aQuartermaine, Richard | |
| 245 | 0 | 0 |
_aSustainability _bthe Green Deal |
| 260 | _c2011 | ||
| 490 | 0 |
_aBuilding _v276 (8672) 1 April 2011, 52-55(4) |
|
| 520 | _aThe government's Green Deal promises to revolutionise the UK's energy efficiency. But can it deliver financial savings? This economic analysis includes an overview of the Green Deal, case studies, the results of four case study buildings, what the results mean, and concludes that the Green Deal is still in its early stages and suggests considerations for the government. | ||
| 590 | _aKA | ||
| 651 | 4 |
_aUnited Kingdom _y |
|
| 690 | _aENVIRONMENTAL AND LAND CONSULTANCY-ENERGY-ENERGY USE-ENERGY EFFICIENCY | ||
| 690 | _aBUILT ENVIRONMENT-CONSTRUCTION MARKET | ||
| 690 | _aBUILT ENVIRONMENT-SUSTAINABLE CONSTRUCTION | ||
| 942 | _n0 | ||
| 999 |
_c83023 _d83023 |
||